Statistics for Books on Donald Trump

Click here to take the quiz!

General Stats

  • This quiz has been taken 2 times
  • The average score is 11 of 34

Answer Stats

Answer% Correct
Bob Woodward
100%
Mary L. Trump
100%
A Very Stable Genius
50%
Confidence Man
50%
Disloyal: a Memoir
50%
Fear
50%
I'll Take Your Questions Now
50%
John Bolton
50%
Maggie Haberman
50%
Michael Cohen
50%
Peril
50%
Peter Baker
50%
Rage
50%
Revenge
50%
Robert Costa
50%
Stephanie Grisham
50%
The Divider
50%
The Room Where It Happened
50%
Trump 45
50%
Betrayal
0%
Carol Leonnig
0%
Daniel Street
0%
Darrel M. West
0%
Fake News Exposed about Trump
0%
I Alone Can Fix It
0%
Jonathan Karl
0%
Karoun Demirjian
0%
L.D. Hicks
0%
Philip Rucker
0%
Power Politics
0%
Rachel Blade
0%
Susan Glaser
0%
Too Much and Never Enough
0%
Unchecked
0%

Score Distribution

Percentile by Number Answered

Percent of People with Each Score

Your Score History

You have not taken this quiz